Guess The Weeknd Song By Lyrics Pt2 - Statistics

General Stats
  • This quiz has been taken 375 times
  • The average score is 9 of 16
Answer Stats
Hint Answer % Correct
"Never need a b*tch, I'm what a b*tch need.." Heartless
92%
"I almost cut a piece of myself for your life.." Call Out My Name
90%
"Sin City's cold and empty (oh)No one's around to judge me (oh).." Blinding Lights
83%
"Order plane tickets, Cali is the missionVisit every month like I'm split life livin'.." The Morning
73%
"And I know that she's capable of anything, it's rivetingBut when you wake up she's always gone, gone, gone.." In The Night
71%
"I try to find reason to pull us apartIt ain't workin' 'cause you're perfect..." Die For You
67%
"So don't you fall in loveDon't make me, make you fall in love.." The Birds Pt 1
59%
"I'm always ready for a war again, Go down that road again, It's all the same.." Pray For Me
58%
"This house is not a home to you, But you decide to go ahead and lay down, lay down.." Twenty Eight
54%
"Once you put your pride asideYou can notify me, -fy me.." Try Me
50%
"Well, I'm not a fool, I just love that you're dead inside.." Belong To The World
44%
"And now I'm askin', who do you belong to now?Who you give that love to now?.." Wasted Times
39%
"'Cause I see fear in your eyes, You've been living out your life..." Pretty
36%
"And even though I sin, maybe we are born to liveBut I know time will tell if we're meant for this.." Angel
35%
"The house I bought is not a home (no)Together we are so alone.." Hardest To Love
35%
"Last year I did all the politicin'This year I'm all focused on the vision (the vision).." Tell Your Friends
31%
No matching quizzes found
Score Distribution
Percent of People with Each Score
Percentile by Number Answered
Your Score History
You have not taken this quiz